सरल ज्योतिष ज्ञान (Record no. 8091)

MARC details
000 -LEADER
fixed length control field 01101 a2200217 4500
005 - DATE AND TIME OF LATEST TRANSACTION
control field 20080922143126.0
008 - FIXED-LENGTH DATA ELEMENTS--GENERAL INFORMATION
fixed length control field 080922t xxu||||| |||| 00| 0 hin d
010 ## - LCCN (DPL NO)
LC control number HIN-81220
020 ## - INTERNATIONAL STANDARD BOOK NUMBER
International Standard Book Number 9788190565127
Terms of availability 90.00
035 ## - SYSTEM CONTROL NUMBER
System control number HN-53566
037 ## - SOURCE OF ACQUISITION
Source of stock number/acquisition D.B.Act / Pub
082 ## - DEWEY DECIMAL CLASSIFICATION NUMBER
Classification number 133.53
245 ## - TITLE STATEMENT
Title सरल ज्योतिष ज्ञान
Statement of responsibility, etc संपादक , राजेश इन्दुख्या
246 ## - VARYING FORM OF TITLE
Title proper/short title Saral jyotish Gyan
Remainder of title Ed .By-Rajes Indurkhya
260 ## - PUBLICATION, DISTRIBUTION, ETC. (IMPRINT)
Place of publication, distribution, etc जबलपुर
Name of publisher, distributor, etc राजेश पुस्तक भण्डार
Date of publication, distribution, etc 2007
270 ## - ADDRESS
Address बं. नं. 4/4-स, तीसरा रेलवे पुल मार्ग,केन्टोनमेंट
City जबलपुर
300 ## - PHYSICAL DESCRIPTION
Extent 52पृ
Dimensions 23सेमी(सजिल्द)
700 ## - ADDED ENTRY--PERSONAL NAME
Personal name इन्दुरख्या, राजेश
942 ## - ADDED ENTRY ELEMENTS (KOHA)
Institution code [OBSOLETE] dpl
Item type Hindi Books
Call number prefix 133.53 / सरल
Source of classification or shelving scheme Dewey Decimal Classification
Classification part 133.53
Call number suffix सरल
Holdings
Withdrawn status Lost status Source of classification or shelving scheme Damaged status Not for loan Home library Current library Date acquired Cost, normal purchase price Total Checkouts Full call number Barcode Date last seen Copy number Cost, replacement price Koha item type
    Dewey Decimal Classification     D.B.Act.Division D.B.Act.Division 22/09/2008 90.00   133.53 सरल HN-53566 15/09/2008 1 90.00 Hindi Books

© Delhi Public Library
Hit Counter
free hit counter